The mourning for Diana
Αποθηκεύτηκε σε:
| Άλλοι συγγραφείς: | |
|---|---|
| Μορφή: | Βιβλίο |
| Γλώσσα: | English |
| Δημοσίευση: |
Oxford, UK : New York :
Berg,
1999
|
| Θέματα: | |
| Ετικέτες: |
Προσθήκη ετικέτας
Δεν υπάρχουν, Καταχωρήστε ετικέτα πρώτοι!
|
MARC
| LEADER | 00000cam a2200000 i 4500 | ||
|---|---|---|---|
| 001 | 1/2515 | ||
| 008 | 000509s1999 eng d | ||
| 020 | |a 1-85973-238-0 | ||
| 035 | |l 10060465 | ||
| 040 | |a GR-MY-UA |b gre |e aacr | ||
| 041 | 0 | |a eng | |
| 082 | 0 | |a 155.973094109049 | |
| 245 | 1 | 4 | |a The mourning for Diana / |c edited by Tony Walter |
| 260 | |a Oxford, UK : |a New York : |b Berg, |c 1999 | ||
| 300 | |a xiii, 286 p. | ||
| 504 | |a Includes bibliographical references and index | ||
| 600 | 0 | 0 | |a Diana, |c Princess of Wales, |d 1961-1997. |
| 650 | 0 | 0 | |a Bereavement |z Great Britain |x Psychological aspects. |
| 700 | 0 | |a Walter, Tony. |4 edt | |
| 852 | |a INST |b LESVOS |e 20000509 |h 155.937094109049 MOU |p 005100026275 |q 005100026275 |t BK |y 0 | ||
| 909 | |a Λ |b 077839 | ||
| 922 | |a 1ΕΛΗ |b 200004 |c ΚΠΣ/ΤΚΑ |d ΠΑΠΑΣΩΤΗΡΙΟΥ | ||
| 970 | |z 2000/08/ELIDOC | ||